000 00874nam a22002777a 4500
001 7951
003 FISKH
005 20250814151512.0
008 250814b cb ||||| |||| 00| 0 eng d
020 _a9780763603533
040 _aFISKH
_beng
_cFISKH
_dFISKH
050 _aPZ8.H86
082 _a398.8
100 _aOpie, Iona
245 _aHumpty Dumpty and other rhymes :
_bMy very first mother Goose /
_cIona Opie ; Rosemary Well
260 _aMassachussets :
_bCandlewick Press,
_c1996.
300 _a14 unnumbered pages :
_bcolor illustrations ;
_c20 cm
505 _aG
520 _aEight favorite Mother Goose rhymes that are sure to delight.
521 8 _a300
_bLexile estimate
521 8 _aG
_bRaz-Plus
650 _aNursery rhymes
_vMother Goose rhymes
700 _aWell, Rosemary
_eillustrator
942 _2ddc
_cBK
_n0
999 _c7951
_d7951